000 00507nam a22001817a 4500
003 CEME
005 20210628210511.0
008 210208b xxu||||| |||| 00| 0 eng d
020 _a0-306-43499-7
040 _c.
082 _a574.87 M
100 _aMarzuki, Sangkot
_979637
245 _aMolecular structure function and assembly of the atp synthases
260 _aNEW YORK
_bPLENUM PRESS
_c1989
300 _a384P
650 _aADENOSINE TRIPHOSPHATASA-CONGRESSES ADENOSINE
_979638
942 _cBK
_2ddc
999 _c584659
_d584659